| 000 | 00601nam a22002297a 4500 | ||
|---|---|---|---|
| 003 | UA-OsUOA | ||
| 001 | 100998 | ||
| 007 | ta | ||
| 008 | 20130604b un ||||| |||| 00| 0 ukr d | ||
| 100 | _aШамякин И. | ||
| 090 |
_a821.161.3 _bШ19 |
||
| 942 | _cBK | ||
| 040 |
_aUA-OsUOA _brus _cUA-OsUOA _dUA-OsUOA |
||
| 245 |
_aКриницы _bроман |
||
| 300 | _a404 с. | ||
| 955 | _a3 | ||
| 041 | _arus | ||
| 080 | _a821.161.3 | ||
| 260 |
_aМ. _bСоветский писатель _c1957 |
||
| 650 | 7 |
_a82 Література. Літературознавство _2UDC |
|
| 999 |
_c386995 _d386995 |
||